[Event "Krakow Malopolski-chA"]
[Site "Krakow"]
[Date "2013.05.01"]
[Round "4"]
[White "Knapik, Andrzej"]
[Black "Kasperek, Krzysztof"]
[Result "1/2-1/2"]
[WhiteElo "1930"]
[BlackElo "1810"]
[PlyCount "67"]
[EventDate "2013.04.28"]
[EventType "swiss"]
[EventRounds "9"]
[EventCountry "POL"]
[SourceTitle "CBM 154 Extra"]
[Source "ChessBase"]
[SourceDate "2013.06.25"]
[SourceVersion "2"]
[SourceVersionDate "2013.06.25"]
[SourceQuality "1"]

1. e4 c5 2. Nf3 Nc6 3. d4 cxd4 4. Nxd4 g6 5. c4 Bg7 6. Nc2 Nf6 7. Nc3 0-0 8. Be2 b6 9. 0-0 Bb7 10. Bd2 d6 11. Rc1 Nd7 12. Be3 Rc8 13. Qd2 Nce5 14. b3 Nc5 15. f3 f5 16. exf5 Rxf5 17. Nd4 Rf7 18. f4 Ned7 19. Bg4 e5 20. Ne6 Qe7 21. Nxg7 Kxg7 22. Rcd1 Rcf8 23. Qxd6 Qxd6 24. Rxd6 Nf6 25. Bh3 Nfe4 26. Nxe4 Nxe4 27. Re6 exf4 28. Bd4+ Kh6 29. Re5 Rd8 30. Bb2 Ng5 31. Bc1 Nxh3+ 32. gxh3 g5 33. h4 Rg8 34. hxg5+ 1/2-1/2

[Event "Krakow Malopolski-chA"]
[Site "Krakow"]
[Date "2013.04.28"]
[Round "1"]
[White "Kasperek, Krzysztof"]
[Black "Betkowski, Andrzej"]
[Result "0-1"]
[WhiteElo "1810"]
[BlackElo "2088"]
[PlyCount "56"]
[EventDate "2013.04.28"]
[EventType "swiss"]
[EventRounds "9"]
[EventCountry "POL"]
[SourceTitle "CBM 154 Extra"]
[Source "ChessBase"]
[SourceDate "2013.06.25"]
[SourceVersion "2"]
[SourceVersionDate "2013.06.25"]
[SourceQuality "1"]

1. c4 f5 2. Nc3 Nf6 3. g3 g6 4. Bg2 Bg7 5. Nf3 d6 6. d4 0-0 7. 0-0 Nc6 8. b3 e5 9. dxe5 dxe5 10. Ba3 Re8 11. Qxd8 Rxd8 12. Rad1 e4 13. Rxd8+ Nxd8 14. Rd1 Ne6 15. Ne1 Ng4 16. Nd5 Kf7 17. h3 Ne5 18. f3 c6 19. Nf4 exf3 20. Bxf3 a5 21. Bg2 a4 22. Nc2 Bf6 23. Bb4 axb3 24. axb3 Ra2 25. Rd2 Rb2 26. Nxe6 Bxe6 27. Nd4 Nxc4 28. Rxb2 Bxd4+ 0-1

[Event "Krakow Malopolski-chB"]
[Site "Krakow"]
[Date "2011.??.??"]
[Round "9"]
[White "Krzyzanowski, Kamil"]
[Black "Kasperek, Krzysztof"]
[Result "1-0"]
[WhiteElo "1883"]
[BlackElo "1819"]
[PlyCount "45"]
[EventDate "2011.05.01"]
[EventType "swiss"]
[EventRounds "9"]
[EventCountry "POL"]
[SourceTitle "EXT 2013"]
[Source "ChessBase"]
[SourceDate "2012.11.22"]
[SourceVersion "1"]
[SourceVersionDate "2012.11.22"]
[SourceQuality "1"]

1. e4 c5 2. f4 Nc6 3. Nf3 g6 4. Nc3 Bg7 5. Bc4 e6 6. 0-0 Nge7 7. d3 d5 8. Bb3 0-0 9. Qe1 Nd4 10. Kh1 b6 11. Ne2 Nxe2 12. Qxe2 Bb7 13. c3 dxe4 14. dxe4 Qc7 15. Bd2 Rad8 16. Rad1 Rd7 17. Ba4 Bc6 18. Bxc6 Qxc6 19. Bc1 Rxd1 20. Rxd1 Qc7 21. Qd3 Nc6 22. Qd7 Rd8 23. Qxc7 1-0